000 00326nam a2200145Ia 4500
005 20251222152047.0
008 251222s9999||||xx |||||||||||||| ||spa||
020 _a8432922229
082 _a631.8/L18
100 _aLalatta, Filippo
245 0 _aUso de Pulverizadores
250 _a1ra.ed.
264 _bCEAC
942 _cLIB
999 _c26259
_d26259